000 00544nam a2200169Ia 4500
008 140529s9999 xx 000 0 und d
020 _a9781849733342
050 _aQK 861
_b.Se479 2012
100 _aSequin, Margareta.
245 4 _aThe chemistry of plants :
_bperfumes, pigments, and poisons /
_cMargareta Sequin
260 _aCambridge, UK :
_bRSC Pub.,
_cc2012.
300 _a215 p. :
_bcol. ill. ;
_c23 cm.
500 _aIncludes bibliographical references, glossary and index.
521 _aGE
942 _kFOR
_cBK
999 _c117584
_d117584